INTRODUCATION CHILD DEVLOPMENT (Record no. 26667)
[ view plain ]
| 000 -LEADER | |
|---|---|
| fixed length control field | 00333nam a22001457a 4500 |
| 003 - CONTROL NUMBER IDENTIFIER | |
| control field | SGT |
| 020 ## - INTERNATIONAL STANDARD BOOK NUMBER | |
| International Standard Book Number | 9788182053731 |
| 082 ## - DEWEY DECIMAL CLASSIFICATION NUMBER | |
| Classification number | 305.231,NIS |
| 100 ## - MAIN ENTRY--PERSONAL NAME | |
| Personal name | NISHA MAIMUN |
| 245 ## - TITLE STATEMENT | |
| Title | INTRODUCATION CHILD DEVLOPMENT |
| 260 ## - PUBLICATION, DISTRIBUTION, ETC. (IMPRINT) | |
| Place of publication, distribution, etc | NEW DELHI |
| Name of publisher, distributor, etc | ISHA BOOKS |
| Year of Publication | 2006 |
| 300 ## - PAGE DESCRIPTION | |
| No. of Pages | 246 |
| 650 ## - SUBJECT ADDED ENTRY--TOPICAL TERM | |
| Topical term or geographic name as entry element | SPECIAL EDUCATION |
| 942 ## - ADDED ENTRY ELEMENTS (KOHA) | |
| Source of classification or shelving scheme | Dewey Decimal Classification |
| Koha item type | Books |
| 942 ## - ADDED ENTRY ELEMENTS (KOHA) | |
| -- | 2 |
| Withdrawn status | Lost status | Source of classification or shelving scheme | Damaged status | Use restrictions | Not for loan | Collection code | Home library | Current library | Shelving location | Date acquired | Vendor Name | Cost, normal purchase price | SGTU | Bill Number | Full call number | Accession No. (Barcode) | Date last seen | Bill Date | Koha item type | Total Checkouts | Date last borrowed |
|---|---|---|---|---|---|---|---|---|---|---|---|---|---|---|---|---|---|---|---|---|---|
| Dewey Decimal Classification | Restricted Access | Not For Loan | EDUCATION | SGT Engineering Library | SGT Engineering Library | Reference Book | 11/07/2024 | ABC PUBLISHERS & DISTRIBUTORS PVT. LTD. | 625.00 | SGTU | IN43 | 305.231,NIS | ED5274 | 11/07/2024 | 28/06/2024 | Books | |||||
| Dewey Decimal Classification | EDUCATION | SGT Engineering Library | SGT Engineering Library | Text Book | 11/07/2024 | ABC PUBLISHERS & DISTRIBUTORS PVT. LTD. | 625.00 | SGTU | IN43 | 305.231,NIS | ED5275 | 11/07/2024 | 28/06/2024 | Books | |||||||
| Dewey Decimal Classification | EDUCATION | SGT Engineering Library | SGT Engineering Library | Text Book | 11/07/2024 | ABC PUBLISHERS & DISTRIBUTORS PVT. LTD. | 625.00 | SGTU | IN43 | 305.231,NIS | ED5276 | 11/07/2024 | 28/06/2024 | Books | |||||||
| Dewey Decimal Classification | EDUCATION | SGT Engineering Library | SGT Engineering Library | Text Book | 11/07/2024 | ABC PUBLISHERS & DISTRIBUTORS PVT. LTD. | 625.00 | SGTU | IN43 | 305.231,NIS | ED5277 | 11/07/2024 | 28/06/2024 | Books | |||||||
| Dewey Decimal Classification | EDUCATION | SGT Engineering Library | SGT Engineering Library | Text Book | 11/07/2024 | ABC PUBLISHERS & DISTRIBUTORS PVT. LTD. | 625.00 | SGTU | IN43 | 305.231,NIS | ED5278 | 29/10/2024 | 28/06/2024 | Books | 1 | 22/10/2024 | |||||
| Dewey Decimal Classification | EDUCATION | SGT Engineering Library | SGT Engineering Library | Text Book | 11/07/2024 | ABC PUBLISHERS & DISTRIBUTORS PVT. LTD. | 625.00 | SGTU | IN43 | 305.231,NIS | ED5279 | 29/10/2024 | 28/06/2024 | Books | 1 | 22/10/2024 |